00845cam a2200217Ia 4500001002300000003000700023005001700030007000700047008004100054040002100095035002000116100002100136245007300157260005700230300002300287504003100310650005300341730003600394856009600430856010100526committedmarriag00hazeCaSfIA20230525155225.0cr||||870806s1977 txu b 000 0 eng d aTDLcTDLdCaSfIA a(OCoLC)163962121 aHazelip, Harold.14aThe committed marriage /h[electronic resource] cby Harold Hazelip. aAbilene, Tex. :bHighland Church of Christ,c[1977?] av, 25 p. ;c23 cm. aBibliographical footnotes. 0aMarriagexReligious aspectsxChurches of Christ.0 aHerald of Truth (Radio program)41uhttp://www.archive.org/details/committedmarriag00hazezFree eBook from the Internet Archive42uhttp://www.openlibrary.org/books/OL24607614MzAdditional information and access via Open Library